L’année 2021 - Statistiques

Statistiques générales
  • Ce quiz a été pris 191 fois
  • Le résultat moyen est 11 sur 28
Statistiques - réponses
Hint Réponse % Correct
Sur quelle planète s’est posée le robot Persévérance de la Nasa ? Mars
89%
Quel footballeur a remporté son 7ème ballon d’or cette année ? Lionel Messi
84%
Depuis quel mois toutes les femmes peuvent-elles profiter de la PMA en France ? Juin
77%
Dans quel pays les talibans ont pris le pouvoir ? Afghanistan
74%
Quel est le nouveau nom de Facebook ? Meta
69%
Qui a annoncé sa candidature à la présidentielle française de 2022 avec son parti Reconquête ? Éric Zemmour
60%
Quel monument à Paris à été emballé par Christo ? L’Arc de Triomphe
55%
En janvier, des manifestants pro-Trump ont pénétré dans quelle institution américaine ? Le Capitole
48%
Quelle est la série la plus vue de Netflix en 2021 ? Squid Game
48%
Quelle discipline a rapporté le plus de médailles à la France aux JO de Tokyo ? Judo
43%
Combien d’accusés sont jugés au procès des attentats du 13 Novembre 2015 ? 20
42%
Quel ancien ministre de l’écologie est accusé de viol et agressions sexuelles par plusieurs femmes en 2021 ? Nicolas Hulot
42%
Dans quel canal, le porte-conteneur Ever Given s’est coincé en mars 2021 ? Canal de Suez
37%
Comment s’appelle le nouveau parti politique d’Edouard Philippe ? Horizons
35%
Quelle personnalité féminine est entrée au Panthéon cette année ? Joséphine Baker
34%
Quel est le titre du nouvel album d’Orelsan ? Civilisation
31%
Qui a gagné le Tour de France 2021 ? Tadej Pogacar
28%
Quelle célèbre émission télévisée présentait Georges Pernoud, mort en janvier 2021 ? Thalassa
28%
Yannick Jadot a remporté la primaire écologiste, qui était l’autre finaliste ? Sandrine Rousseau
26%
Comment s’appelle la nouvelle Miss France 2022 ? Diane Leyre
23%
Quel mot de 3 lettres est entré dans le dictionnaire Le Petit Robert 2021 a fait polémique ? iel
23%
Quel pays a signalé en premier le variant Omicron ? Afrique du Sud
21%
A combien d’année(s) de prison ferme a été condamné Nicolas Sarkozy au procès de l’affaire Bygmalion ? 1 an
15%
Comment s’appelle le groupe né du mariage entre Peugeot et Fiat-Chrysler ? Stellantis
9%
Quel était le prénom de la première Française vaccinée contre le coronavirus ? Mauricette
6%
Qui est arrivé 3ème de la primaire des Républicains ? Michel Barnier
6%
Qui a reçu le prix Goncourt 2021 ? Mohamed Mbougar Sarr
3%
Qui a gagné le Vendée Globe ? Yannick Bestaven
3%
Aucun quiz correspondant
Distribution des résultats
% des personnes avec chaque résultat
Percentile par nombre de réponses
Votre historique - résultats
Vous n’avez pas pris ce quiz